00804nam a2200253 i 450000100060000000300090000600500170001500700030003200800410003502000180007604000220009408000230011610000240013924500940016325000120025726000370026930000320030649000290033850400420036765100370040970000420044683000290048885200330051767353ES-MaACL20230906170042.0t|040520s2003 sp ||||0| spa d a84-397-0977-3 aM-BN bspa cM-BN a94(430)"1871/1918"1 aStürmer, Michael.13aEl imperio alemán / cMichael Stürmer ; traducción de Lluís Miralles de Imperial. a1ª ed. aBarcelona : bMondadori, c2003. a251 p. : bmapas ; c20 cm.1 aBreve historia universal aBibliografía: p. [241]-243. Indice. 4aAlemania-xHistoria-y1871-1918.1 aMiralles de Imperial Llobet, Lluís.0 aBreve historia universal aES-MaACLjL-27594 bR.133095